LIBRARY & INFORMATION CENTRE, KCAET, TAVANUR

ONLINE PUBLIC ACCESS CATALOGUE (OPAC)

Principles of genome analysis and genomics / (Record no. 13122)

MARC details
000 -LEADER
fixed length control field 00520cam a2200193ua 4500
041 ## - LANGUAGE CODE
Language code of text/sound track or separate title eng
082 ## - DEWEY DECIMAL CLASSIFICATION NUMBER
Classification number 575.10724
Item number PRI/PR
100 ## - MAIN ENTRY--AUTHOR NAME
Personal name Primrose, Sandy B .
245 ## - TITLE STATEMENT
Title Principles of genome analysis and genomics /
250 ## - EDITION STATEMENT
Edition statement 3 /
260 ## - PUBLICATION, DISTRIBUTION, ETC. (IMPRINT)
Place of publication Oxford :
Name of publisher Blackwell Scientific Publications ,
Year of publication 2007.
300 ## - PHYSICAL DESCRIPTION
Number of Pages 264 ; .
700 1# - ADDED ENTRY--PERSONAL NAME
Personal name Twyman, Richard M .
942 ## - ADDED ENTRY ELEMENTS (KOHA)
Koha item type Books
Holdings
Withdrawn status Lost status Damaged status Home library Current library Date acquired Full call number Accession Number Koha item type
      KAUAET KAUAET 07/04/2012 575.10724 PRI/PR 21392 Books
free website counter